| 000 | 00510nam a2200193Ia 4500 | ||
|---|---|---|---|
| 003 | GCL | ||
| 008 | 140319s9999 xx 000 0 eng d | ||
| 040 |
_aGCL / _cGCL |
||
| 082 | 0 | 4 |
_a330.917 _bF A |
| 100 | 1 | _aFINDLAY, PAUL | |
| 245 | 1 | 0 |
_aTHE ARAB WORLD / _cFINDLAY, PAUL |
| 700 | 1 | _aFINDLAY, ALLAN | |
| 260 |
_a[S.N] : _bROUTLEDGE ، _c1993 |
||
| 300 | _a206 P | ||
| 490 |
_aROUTLEDGE INTRODUCTIONS TO DEVELOPMENT _v0 |
||
| 650 | 0 | 4 | _aECONOMIC CONDITIONS |
| 650 | 0 | 4 | _aARABIC COUNTRIES |
| 942 |
_2ddc _cBK |
||
| 999 |
_c24878 _d24878 |
||